Trò đùa của sự ngẫu nhiên Giải mã bí ẩn quanh những điều tình cờ

Wedi'i Gadw mewn:
Manylion Llyfryddiaeth
Prif Awdur: Taleb, Nassim Nicholas
Awduron Eraill: Lê, Vũ Kỳ Nam (Dịch)
Fformat: Llyfr
Iaith:Vietnamese
Cyhoeddwyd: Hà Nội Công Thương ; Công ty Sách Alpha 2019
Pynciau:
Tagiau: Ychwanegu Tag
Dim Tagiau, Byddwch y cyntaf i dagio'r cofnod hwn!
Thư viện lưu trữ: Trung tâm Học liệu Lê Vũ Hùng, Trường Đại học Đồng Tháp
LEADER 01004aam a22002658a 4500
001 00045170
005 20191107081153.0
008 140603s2013 ||||||viesd
020 # # |c 179000  |a 9786049318610 
041 0 # |a vie 
082 1 4 |a 123.3  |b TR400Đ 
100 # # |a Taleb, Nassim Nicholas 
245 1 0 |b Giải mã bí ẩn quanh những điều tình cờ  |c Nassim Nicholas Taleb ; Lê Vũ Kỳ Nam (dịch)  |a Trò đùa của sự ngẫu nhiên 
260 # # |a Hà Nội  |b Công Thương ; Công ty Sách Alpha  |c 2019 
300 # # |b bảng  |a 384 tr.  |c 24 cm 
500 # # |a Tên sách tiếng Anh: Fooled by randomness 
504 # # |a Thư mục: tr. 369-384 
653 # # |a Biến ngẫu nhiên 
653 # # |a Cuộc sống 
653 # # |a Cơ hội 
653 # # |a Vận may 
700 # # |a Lê, Vũ Kỳ Nam  |e Dịch 
852 # # |j KM.0033669  |j KD.0026630 
910 # # |d 7/11/2019 
980 # # |a Trung tâm Học liệu Lê Vũ Hùng, Trường Đại học Đồng Tháp